00427nam a2200157Ia 4500008004100000020001800041082000800059100002000067245004900087250000600136260003900142300001000181500002400191650001000215700004400225230524s9999 xx 000 0 und d a9789382332657 bVEN aG.Venktappa Rao 0aHighway Material Testing and Quality Control a1 aNew DelhibI.K.Internationalc2015 a311p; aQuantity Number: 1 aCivil a"K.Ramachandra Rao, Kusik Pahari, etl"